000 00611nam a22001457a 4500
020 _a978-1-4000-2509
082 _a823
_bJAM/
100 _aJAMES P D
245 _aDEVICES AND DESIRES
260 _aCANADA
_bRANDOM HOUSE PUBLISHERS
300 _a696
520 _aPublished in 1989, this is the eighth in the Adam Dalgliesh series. This novel sees Dalgliesh heading to Norfolk, having just published his second volume of poetry, he feels the need for some privacy and, as chance would have it, his Aunt Jane has recently died and left him a converted windmill.
650 _aNOVEL,ENGLISH
_zLONDON
942 _cBK
999 _c2407
_d2407